00399nam a2200169Ia 4500008004100000041001200041082001100053100001600064245003000080365000800110520001300118546001200131630003000143650001300173655001300186730003000199101110s9999 xx 000 0 und d aENGLISH bSR1647 aJoshi G.N. aThe Constitution of India b6.5 aPolitics aENGLISH aThe Constitution of India aPolitics aPolitics aThe Constitution of India